| 000 | 00407nam a22001697a 4500 | ||
|---|---|---|---|
| 003 | MACL | ||
| 005 | 20160115164455.0 | ||
| 008 | 160115b xxu||||| |||| 00| 0 eng d | ||
| 040 | _cMACL | ||
| 041 | _aEnglish | ||
| 082 | _a658/VAS | ||
| 100 |
_aVasisth,Kamal _932714 |
||
| 245 | _aEnvironmental Management | ||
| 260 |
_aNew Delhi _bMaxford Books _c2008 |
||
| 650 |
_aManagement _932715 |
||
| 942 |
_2ddc _cBK |
||
| 999 |
_c52523 _d52523 |
||